| 000 | 00862nam a22002177a 4500 | ||
|---|---|---|---|
| 999 |
_c5020 _d5020 |
||
| 003 | AR-CdUCM | ||
| 008 | 190311b ||||| |||| 00| 0 spa d | ||
| 040 |
_aMUNICIPALIDAD PROVINCIAL DEL CUSCO _cBIBLIOTECA MUNICIPAL DEL CUSCO |
||
| 082 |
_a985.08 / _bG69 |
||
| 100 |
_aGonzález Viaña, Eduardo _9194 |
||
| 245 |
_aJosé Abelardo Quiñones Gonzales : _bla batalla del lucero / |
||
| 260 |
_aLima : _bJuan Mejía Baca, _c1983. |
||
| 300 |
_a101 páginas ; _bláminas, retratos, _c21 cm. |
||
| 505 | _aContenido: La 72 Escuadrilla de información terrestre -- La aviación llega temprano al Perú -- Doña María Rosa Gonzales Orrego -- Pepe Quiñones -- El 5 de febrero de 1935 ... | ||
| 650 |
_aAviadores _915344 |
||
| 650 |
_aBiografía _922 |
||
| 650 |
_aPerú _935 |
||
| 700 |
_aDiaz Herrera, Jorge (coautor) _915345 |
||
| 942 |
_2ddc _cLIBROS |
||
| 945 | _aachl | ||